Diagnóstico integral y diseño de un modelo de planeamiento estratégico en Deter de Costa Rica S.A

Gespeichert in:
Bibliographische Detailangaben
1. Verfasser: Obando Fallas, Luis Fernando
Weitere Verfasser: Sánchez Castro, José Raúl
Format: Buch
Sprache:Undetermined
Veröffentlicht: San José, C.R. 1996
Schlagworte:
Tags: Tag hinzufügen
Keine Tags, Fügen Sie den ersten Tag hinzu!

MARC

LEADER 00000nam a2200000Ia 4500
003 007942
005 20221231144237.0
008 140114s9999 xx 000 0 und d
040 |c cru CEDI 
090 |a TFG 3496 
100 |a Obando Fallas, Luis Fernando  |9 9831 
245 |a Diagnóstico integral y diseño de un modelo de planeamiento estratégico en Deter de Costa Rica S.A 
260 |c 1996  |a  San José, C.R. 
300 |a  2 volúmenes  
500 |a  Proyecto de graduación (licenciatura en ingeniería industrial)--Universidad de Costa Rica. Facultad de Ingeniería. Escuela de Ingeniería Industrial 
650 |x PLANIFICACION ESTRATEGICA   |x DETER DE COSTA RICA - ADMINISTRACION  |9 9833 
700 |9 9832  |a Sánchez Castro, José Raúl 
942 |c TFG 
999 |c 18983  |d 18983